| 000 | 00985nam0a22002411 4500 | ||
|---|---|---|---|
| 001 | rc\2789172 | ||
| 005 | 20250529170402.0 | ||
| 035 | _a(NLR Aleph) 006915311 | ||
| 090 |
_a7389902 _c7389902 |
||
| 100 | _a20110915d1935 |||y0rusy50 ca | ||
| 101 | 0 | _arus | |
| 102 | _aRU | ||
| 105 | _ay z ||||| | ||
| 200 | 1 |
_aПамяти А. В. Луначарского. (1875-1933) _eВоспоминания на траурных вечерах в Моск. доме печати 1/ I и 3/ I 1934 г. _fПод ред. А. Б. Халатова |
|
| 210 |
_a[Москва] _cМоск. дом печати _d1935 _g5 тип. Трансжелдориздата |
||
| 215 |
_aОбл., 97, [2] с. _d19х13 см. |
||
| 702 | 1 |
_4340 _aХалатов _bА. Б. _cполит. деятель _f1896-1938 _gАрташес Багратович _9172381 _3RU\NLR\AUTH\770172431 |
|
| 801 | 0 |
_aRU _bNLR _gpsbo |
|
| 801 | 1 |
_aRU _bELAR _2rusmarc |
|
| 852 |
_aNLR _j35-10/495 |
||
| 942 | _cBOOK | ||
| 980 | _aNB | ||